Cómo estudiar química: guía para estudiantes
Saved in:
| 主要作者: | |
|---|---|
| 格式: | 圖書 |
| 語言: | 西班牙语 |
| 出版: |
Barcelona
Vicens Vives
1992
|
| 版: | 1a. ed |
| 主題: | |
| 標簽: |
添加標簽
沒有標簽, 成為第一個標記此記錄!
|
MARC
| LEADER | 00000nam a2200000 a 4500 | ||
|---|---|---|---|
| 001 | UCH8091 | ||
| 003 | CL-VaPUC | ||
| 008 | 091127e19920000SP |||||||||||||||||spa|d | ||
| 020 | |a 8431625031 | ||
| 082 | 0 | 4 | |a 540 |b PIZ |2 21 |
| 100 | 0 | |a Pizarro Sorando, Rafael |e author |9 544500 | |
| 245 | 1 | 0 | |a Cómo estudiar química: guía para estudiantes |
| 250 | |a 1a. ed | ||
| 300 | |a 311 p | ||
| 942 | |c BK | ||
| 945 | |d 20091127 00:00:00 |a ccalabra | ||
| 260 | |a Barcelona |b Vicens Vives |c 1992 | ||
| 650 | 0 | |a Educación |9 258661 | |
| 650 | 0 | |a Ciencia |9 255691 | |
| 650 | 7 | |a TEXTO DE ESTUDIO |2 CL-VaPUC |9 544501 | |
| 650 | 0 | |a Química orgánica |9 259426 | |
| 650 | 0 | |a Química inorgánica |9 260154 | |
| 583 | |a last modification |c 20091127 00:00:00 |k Rodrigo Vera | ||
| 999 | |c 338335 |d 338333 | ||